| 000 | 01537nam a2200289 a 4500 | ||
|---|---|---|---|
| 003 | DO-SdBNP | ||
| 005 | 20260305073959.0 | ||
| 007 | ta | ||
| 008 | 190403s2015 dr ac 000 spa d | ||
| 020 | _a9789945081060 | ||
| 040 |
_aDO-SdBNP _bspa _cBNPHU |
||
| 082 | 4 |
_a305.42097293 _bB523g _222 |
|
| 100 | 1 |
_aGerón, Candido, _d1948- _93577 |
|
| 245 | 1 | 0 |
_aMinerva Bernardino : _btrayectoria en defensa de los derechos de la mujer / _cCándido Gerón |
| 260 |
_aSanto Domingo : _bCentenario, _c2015. |
||
| 300 |
_a231 p. : _bil., retrs. ; _c23 cm. |
||
| 500 | _aIncluye índice onomástico. | ||
| 505 |
_aIntroducción -- _t¨Debe partir a tiempo, aquel por quien el espíritu habló¨-- _t Perfil y trayectoria -- _tInfancia, mitos e ilusiones -- _t Viacrucis y el camino de lo internacional -- _tApostolado, gloria y martirio -- _tMinerva narra el exilio del Presidente Joaquín Balaguer (1961) -- _tCaso de Jesús de Galíndez. Supuesta vinculación de doña Minerva Bernardino en su secuestro -- _t Eslabón adyacente de una cadena fatal -- _tDocumentos supuestamente probatorios -- _tAddendum. |
||
| 590 | _aInventariado, 2021 /LP | ||
| 600 | 1 | 4 | _aBernardino, Minerva |
| 650 | 4 |
_aFeministas _zRepública Dominicana _vBiografías _974162 |
|
| 650 | 4 |
_aEmbajadores _zRepública Dominicana _vBiografías _974163 |
|
| 650 | 4 |
_aMujeres embajadoras _zRepública Dominicana _vBiografías _983129 |
|
| 650 | 4 |
_aDerechos de la mujer _zAmérica Latina _xHistoria _ySiglo XX _983130 |
|
| 910 | _aLopérez/Validado. Control de calidad MFF | ||
| 942 |
_2ddc _cLBS1 |
||
| 999 |
_c48115 _d48115 |
||